Новые аудиовизуальные технологии: учебное пособие

Bibliographic Details
Corporate Authors: Государственный институт искусствознания (ГИИ), Российский институт культурологии (РИК)
Other Authors: Разлогов К. Э. (редактор)
Summary:Настоящее учебное пособие - первое систематическое изложение основ экранной культуры — принципиально новой парадигмы коммуникации между людьми, стремительно и интенсивно развивающейся с конца XIX века. Помимо культурологических курсов пособие может быть использовано при подготовке кадров для кино, телевидения, видео-культуры и творческого использования возможностей компьютерной техники и Интернета: дизайнеров сайтов, режиссеров, художников, операторов, сценаристов, разработчиков программ и др.
Language:Russian
Published: Москва, Едиториал УРСС, 2005
Series:Academia XXI
Subjects:
Format: MixedMaterials Book
KOHA link:https://koha.lib.tpu.ru/cgi-bin/koha/opac-detail.pl?biblionumber=170083

MARC

LEADER 00000nam0a2200000 4500
001 170083
005 20231101222851.0
010 |a 5354008565 
035 |a (RuTPU)RU\TPU\book\184455 
090 |a 170083 
100 |a 20091119d2005 m y0rusy50 ca 
101 0 |a rus 
102 |a RU 
105 |a a j 001zy 
200 1 |a Новые аудиовизуальные технологии  |e учебное пособие  |f Государственный институт искусствознания (ГИИ) ; Российский институт культурологии (РИК); под ред. К. Э. Разлогова 
210 |a Москва  |c Едиториал УРСС  |d 2005 
215 |a 481 с.  |c ил. 
225 1 |a Academia XXI 
320 |a Библиогр.: с. 480-482. 
320 |a Глоссарий: с. 457-477. 
330 |a Настоящее учебное пособие - первое систематическое изложение основ экранной культуры — принципиально новой парадигмы коммуникации между людьми, стремительно и интенсивно развивающейся с конца XIX века. Помимо культурологических курсов пособие может быть использовано при подготовке кадров для кино, телевидения, видео-культуры и творческого использования возможностей компьютерной техники и Интернета: дизайнеров сайтов, режиссеров, художников, операторов, сценаристов, разработчиков программ и др. 
606 1 |a Интерактивные электронные коммуникации  |x Социальные коммуникации  |2 stltpush  |3 (RuTPU)RU\TPU\subj\68855  |9 83963 
610 1 |a социальная культурология 
610 1 |a аудиовизуальная культура 
610 1 |a аудиовизуальные технологии 
610 1 |a экранная культура 
610 1 |a концертные коммуникации 
610 1 |a культура 
610 1 |a искусство 
610 1 |a восприятие 
610 1 |a зрение 
610 1 |a слух 
610 1 |a психофизиология 
610 1 |a визуальные образы 
610 1 |a общество 
610 1 |a артефакты 
610 1 |a кино 
610 1 |a радио 
610 1 |a звукозапись 
610 1 |a телевидение 
610 1 |a СМИ 
610 1 |a история 
610 1 |a вычислительная техника 
610 1 |a Интернет 
610 1 |a компьютерные коммуникации 
610 1 |a интерактивность 
610 1 |a сетевые игры 
610 1 |a киноязык 
610 1 |a анимация 
610 1 |a виртуальная реальность 
610 1 |a компьютерная анимация 
610 1 |a сетевое общение 
610 1 |a интернет-зависимость 
610 1 |a компьютерная музыка 
610 1 |a учебные пособия 
686 |a С55.57я73  |v LBC/SL-A  |2 rubbk 
702 1 |a Разлогов  |b К. Э.  |4 340 
712 0 2 |a Государственный институт искусствознания (ГИИ)  |c (1996- )  |c (Москва)  |2 stltpush  |3 (RuTPU)RU\TPU\col\2304 
712 0 2 |a Российский институт культурологии (РИК)  |c (Москва)  |2 stltpush  |3 (RuTPU)RU\TPU\col\1941 
801 1 |a RU  |b 63413507  |c 20091119 
801 2 |a RU  |b 63413507  |c 20091201  |g RCR 
942 |c BK